Текст томруулах:    
Introductory marketing (Бичлэгийн дугаар. 146806)
000 -УДИРДЛАГА
Удирдлага 00604nam a22002297a 4500
003 - ХЯНАЛТЫН ТОО ТОДОРХОЙЛОГЧ
Код MN-UlNUM
005 - БИЧИЛТ ХИЙСЭН ОГНОО
Тухайн бичилтийг бичсэн засварласан сүүлийн огноо 20260401144922.0
008 - ЕРӨНХИЙ МЭДЭЭЛЭЛ
Ерөнхий мэдээлэл 260401s1995 enk |||| 001 | eng d
020 ## - ISBN
ISBN 0748717838
-- 0748717835
040 ## - БИЧЛЭГ ҮҮСГЭГЧ БАЙГУУЛЛАГА
Бичлэг үүсгэгч номын сангийн код МУИС-ийн номын сан
084 ## - ББК АНГИЛАЛ
Нэмэлт тусгалт Нэг сэдэвт бүтээл
ББК ангилал 65.290-2
Зохиогчийн гурван тэмдэгт P 14
Мэдлэгийн ялгаа 65 - Эдийн засаг
100 ## - ЗОХИОГЧ
Зохиогчийн нэр Page, Stephen
245 ## - ҮНДСЭН ГАРЧИГ
Номын нэр Introductory marketing
Оролцогчдын тухай мэдээ Stanley Thornes
260 ## - ГАРАЛТЫН МЭДЭЭ
Хэвлэгдсэн газар Great Britain
Хэвлэлийн газар Stanley Thornes publisher
Хэвлэгдсэн он 1995
300 ## - МАТЕРИАЛЫН ТОДОРХОЙЛОЛТ
хуудасны тоо vi , 261 p. :
Бусад тоон мэдээлэл ill. ;
Хэмжээ 24 cm.
500 ## - Тайлбар
Дансны дугаар БС 4404-4405
546 ## - ХЭЛНИЙ ТУХАЙ МЭДЭЭ
Хэл Англи хэл дээр,
653 ## - Түлхүүр үг
Түлхүүр үг marketing
653 ## - Түлхүүр үг
Түлхүүр үг HF
942 ## - ЭЛЕМЕНТИЙН ТӨРӨЛ
Зүйлийн төрөл Ном